Overview of Taiwan's economic development

Stručne z histórie Taiwanu a jeho ekonomiky. Povojnový ekonomický vývoj krajiny. Rozvojová pomoc Taiwanu z USA. Rozvoj energetiky a poľnohospodárstva. Prevládajúci štátny sektor v ekonomike Taiwanu v 50 tych rokoch. Nástup malého a stredného podnikania v 60 tych rokoch. Zvyšovanie významu vývozu pre...

Full description

Saved in:
Bibliographic Details
Main Author: Csabay, Marek
Format: Book Chapter
Language:English
Subjects:
Tags: Add Tag
No Tags, Be the first to tag this record!

MARC

LEADER 00000naa$a2200000$$$4500
001 0064863
005 20240502071749.3
041 0 |a eng 
044 |a SK 
245 1 0 |a Overview of Taiwan's economic development  |c Marek Csabay 
520 |a Stručne z histórie Taiwanu a jeho ekonomiky. Povojnový ekonomický vývoj krajiny. Rozvojová pomoc Taiwanu z USA. Rozvoj energetiky a poľnohospodárstva. Prevládajúci štátny sektor v ekonomike Taiwanu v 50 tych rokoch. Nástup malého a stredného podnikania v 60 tych rokoch. Zvyšovanie významu vývozu pre ekonomiku krajiny. Hlavné ekonomické ukazovatele za rok 2005. Komponenty HDP. Obchodní partneri Taiwanu. 
610 2 0 |a vývoj hospodársky 
610 2 0 |a história 
610 2 0 |a pomoc rozvojová 
610 2 0 |a poľnohospodárstvo 
610 2 0 |a podnikanie malé 
610 2 0 |a podnikanie stredné 
610 2 0 |a produkt domáci hrubý 
610 2 0 |a vývoz 
610 2 0 |a Taiwan 
100 1 |a Csabay, Marek